La colonización de lo imaginario : (Record no. 8666)

MARC details
000 -CABECERA
campo de control de longitud fija 00967nam a2200241 a 4500
005 - FECHA Y HORA DE LA ÚLTIMA TRANSACCIÓN
campo de control 20231128063545.0
008 - ELEMENTOS DE LONGITUD FIJA--INFORMACIÓN GENERAL
campo de control de longitud fija 991125s1991 mx 000 0 spa u
020 ## - NÚMERO INTERNACIONAL NORMALIZADO PARA LIBROS
Número Internacional Estándar del Libro 9681636295 (10 dígitos)
020 ## - NÚMERO INTERNACIONAL NORMALIZADO PARA LIBROS
Número Internacional Estándar del Libro 9789681636296 (13 dígitos)
035 ## - NÚMERO DE CONTROL DEL SISTEMA
Número de control de sistema UPN01000008666
049 ## - COLECCIÓN
Colección CG
050 #4 - SIGNATURA TOPOGRÁFICA DE LA BIBLIOTECA DEL CONGRESO
Número de clasificación F1219.3
Número de documento/Ítem C8.5
100 1# - ASIENTO PRINCIPAL--NOMBRE PERSONAL
Nombre de persona Gruzinski, Serge
245 13 - MENCIÓN DE TÍTULO
Título La colonización de lo imaginario :
Resto del título sociedades indígenas y occidentalización en el México españolsiglos XVI-XVIII /
Mención de responsabilidad, etc. Serge Gruzinki ; tr. Jorge Ferreiro.
260 ## - PUBLICACIÓN, DISTRIBUCIÓN, ETC.
Lugar de publicación, distribución, etc. México :
Nombre del editor, distribuidor, etc. FCE,
Fecha de publicación, distribución, etc. 1991.
300 ## - DESCRIPCIÓN FÍSICA
Extensión 311 p.
440 #0 - MENCIÓN DE SERIE/ASIENTO SECUNDARIO--TÍTULO
Título Sección de obras de historia
534 ## - NOTA SOBRE LA VERSIÓN ORIGINAL
Frase introductoria Títuto orginal:
Mención de título del original La colonization de l'imaginaire Sociétés indigénes et occidentalisation dans le Mexique espagnol XVe-XVIIe siécle
650 #4 - ASIENTO SECUNDARIO DE MATERIA - TERMINO TEMATICO
Término de materia o nombre geográfico como elemento de entrada Indígenas de México
Subdivisión general Vida social y costumbres
9 (RLIN) 5132
650 #7 - ASIENTO SECUNDARIO DE MATERIA - TERMINO TEMATICO
Término de materia o nombre geográfico como elemento de entrada Aculturación
Fuente del encabezamiento o término
9 (RLIN) 164
650 #4 - ASIENTO SECUNDARIO DE MATERIA - TERMINO TEMATICO
Término de materia o nombre geográfico como elemento de entrada Indígenas de México
Subdivisión general Religión y mitología
9 (RLIN) 5903
905 ## - TIPO DE MATERIAL
Tipo de material Libro
Holdings
Estado de retiro Estado de pérdida Fuente del sistema de clasificación o colocación Estado dañado No para préstamo Código de colección Localización permanente Ubicación/localización actual Ubicación en estantería Total de préstamos Clasificación Código de barras Fecha visto por última vez Número de copia Tipo de ítem Koha
    Library of Congress Classification     Colección General Bib. Gregorio Torres Quintero Bib. Gregorio Torres Quintero Planta baja 21 F1219.3 C8.5 154215 31/12/2020 1 Libro
    Library of Congress Classification     Colección General Bib. Gregorio Torres Quintero Bib. Gregorio Torres Quintero Planta baja 1 F1219.3 C8.5 304910 31/12/2020 1 Libro
    Library of Congress Classification     Colección General Bib. Gregorio Torres Quintero Bib. Gregorio Torres Quintero Planta baja   F1219.3 C8.5 304911 31/12/2020 1 Libro